000
00301nam a2200133Ia 4500
008
210210b1951 xxu||||| |||| 00| 0 eng d
082
_a
150/154
100
_a
FINK, D H.
245
_a
Be your real self
260
_a
_b
Not Mentioned
_c
1951
650
_a
Self
690
_a
Psychology
906
_a
001103
999
_c
77619
_d
77619